Score 0/16 Timer 03:00
0 Plays Today
Question Answer Wrong Answers
Which one of these films stars Julia Roberts? Pretty Woman
97.2%
The Doors
0.2%
Napoleon Dynamite
0.2%
How Lose a Guy in 10 Days
0.5%
Which one of these films stars Julia Roberts? Erin Brockovich
95.3%
Gladiator
0.4%
Short Term 12
0.6%
About a Boy
1.9%
Which one of these films stars Julia Roberts? My Best Friend's Wedding
93.4%
Chaplin
1.1%
Eternal Sunshine of the Spotless Mind
2.3%
10 Things I Hate About You
1.4%
Which one of these films stars Julia Roberts? Runaway Bride
93.1%
Dracula
0.3%
Mean Girls
0.6%
Two Weeks Notice
4.1%
Which one of these films stars Julia Roberts? Steel Magnolias
92.8%
Lord of the Flies
1.1%
The Bourne Identity
1.4%
When Harry Met Sally
2.8%
Which one of these films stars Julia Roberts? Ocean's Eleven
92.2%
Carlito's Way
3.2%
The Social Network
1.7%
The 40-Year-Old Virgin
1.1%
Which one of these films stars Julia Roberts? Notting Hill
91.5%
The Bodyguard
0.7%
500 Days of Summer
0.9%
Love Actually
5%
Which one of these films stars Julia Roberts? Mona Lisa Smile
90.7%
Les Misérables
1.4%
Walk Hard: the Dewey Cox Story
1.1%
Take Me Home
5%
Which one of these films stars Julia Roberts? Eat Pray Love
89.5%
The Godfather Part III
0.4%
Inception
1.8%
Definitely, Maybe
6.4%
Which one of these films stars Julia Roberts? Mystic Pizza
84.5%
The Handmaid's Tale
5.2%
The Departed
4.3%
Music and Lyrics
4.2%
Which one of these films stars Julia Roberts? The Pelican Brief
81%
Jungle Fever
1.8%
Shaun of the Dead
0.6%
While You Were Sleeping
14.7%
Which one of these films stars Julia Roberts? Charlie Wilson's War
80.8%
Babe
4.7%
Wet Hot American Summer
8.7%
Wimbledon
3.9%
Which one of these films stars Julia Roberts? America's Sweethearts
79.1%
Of Mice and Men
2.7%
The Devil Wears Prada
3.9%
French Kiss
12.5%
Which one of these films stars Julia Roberts? Sleeping with the Enemy
76.7%
Fried Green Tomatoes
14.7%
Bridesmaids
3.5%
Roxanne
3.2%
Which one of these films stars Julia Roberts? August: Osage County
70.7%
The Basketball Diaries
4.2%
Juno
3.6%
Leap Year
19.7%
Which one of these films stars Julia Roberts? Closer
57.3%
Indecent Proposal
13.2%
Little Miss Sunshine
5.7%
Serendipity
22%
Remove Ads.
Support Sporcle.
Get the best of Sporcle when you Go Orange. This ad-free experience offers more features, more stats, and more fun while also helping to support Sporcle. Thank you for becoming a member.

You're not logged in!

Compare scores with friends on all Sporcle quizzes.
OR
Log In

Sporcle TV

Today on Sporcle TV


Watch our educational content, quiz creation guides, and fun videos on Sporcle TV.

Show Comments

Extras

Top Quizzes Today


Score Distribution

Paid Content

Your Account Isn't Verified!

In order to create a playlist on Sporcle, you need to verify the email address you used during registration. Go to your Sporcle Settings to finish the process.

Report this User

Report this user for behavior that violates our Community Guidelines.

Details: